000 00994nam a22002057a 4500
999 _c8699
_d8699
003 AR-CdUCM
008 190325b ||||| |||| 00| 0 spa d
040 _aMUNICIPALIDAD PROVINCIAL DEL CUSCO
_cBIBLIOTECA MUNICIPAL DEL CUSCO
082 _a628 /
_bR35
110 _aGobienro Regional Cusco (Gestion 2010)
_924298
245 _aGuia de campo del area prioritaria de conservacion regional Corredor Biológico Marcapata - Camanti /
260 _aCusco :
_bGobierno Regional Cusco ,
_c2010.
300 _a399 páginas ;
_c14.7 cm.
505 _aContenido : Accesibilidad -- Extension -- Caracteristicas Fisicas -- Hidrografia -- Geologia -- Fisiografia -- Clima -- Ecosistema y Zonas de vida natural -- Vegetacion y Biodiversidad -- Mamiferos -- Aves -- Peces -- Insectos -- Aspectos Socioculturales del Area -- Historico -- Etnologia -- El idioma...
650 _aEcologia
_94960
650 _aBiodiversidad
_919327
650 _aBiologia Peruana
_924299
942 _2ddc
_cLIBROS
945 _artm